书目信息 |
| 题名: |
中国民主革命时期工人运动史略
|
|
| 作者: | 唐玉良 编 | |
| 分册: | ||
| 出版信息: | 北京 工人出版社 1985 |
|
| 页数: | 119页 | |
| 开本: | 19cm | |
| 丛书名: | ||
| 单 册: | ||
| 中图分类: | K261.3 | |
| 科图分类: | ||
| 主题词: | 中国--历史 | |
| 电子资源: | ||
| ISBN: | ||
| 000 | 00657nam0 2200229 45 | |
| 001 | 0185015557 | |
| 005 | 20060419145701.87 | |
| 010 | @dCNY0.75 | |
| 091 | @a11007.11 | |
| 100 | @a19951103d1985 em y0chiy0121 ea | |
| 101 | 0 | @achi |
| 102 | @aCN@b110000 | |
| 105 | @ay z 000yy | |
| 200 | 10 | @a中国民主革命时期工人运动史略@Azhong guo min zhu ge ming shi qi gong ren yun dong shi lue@f唐玉良编@Ftang yu liang bian |
| 210 | @a北京@c工人出版社@d1985 | |
| 215 | @a119页@d19cm | |
| 606 | 0 | @a中国@x历史 |
| 690 | @aK261.3@v4 | |
| 701 | 0 | @a唐玉良@4编@Atang yu liang |
| 801 | 2 | @aCN@bNLC@c20060419 |
| 801 | 0 | @aCN@b深圳图书馆@c20040429 |
| 905 | @dK261.3@e46 | |
| 中国民主革命时期工人运动史略/唐玉良编.-北京:工人出版社,1985 |
| 119页;19cm |
| ISBN :CNY0.75 |
| ● |
| 相关链接 |
|
|
|
|
正题名:中国民主革命时期工人运动史略
索取号:K261.3/46
 
预约/预借
| 序号 | 登录号 | 条形码 | 馆藏地/架位号 | 状态 | 备注 |
| 1 | 0150332 | 202283386 | 密集书库/ [索取号:K261.3/46] | 在馆 | |
| 2 | 0150333 | 001289910 | 第二借阅区/ [索取号:K261.3/46] | 在馆 | |
| 3 | 0150334 | 001289894 | 密集书库/ [索取号:K261.3/46] | 在馆 | |
| 4 | 0150338 | 202283359 | 密集书库/ [索取号:K261.3/46] | 在馆 | |
| 5 | 0150339 | 202283420 | 密集书库/ [索取号:K261.3/46] | 在馆 | |
| 6 | 0150340 | 202283395 | 密集书库/ [索取号:K261.3/46] | 在馆 |